| 000 | 00934nam a22002657a 4500 | ||
|---|---|---|---|
| 999 |
_c6855 _d6855 |
||
| 003 | AR-CdUCM | ||
| 008 | 190319b ||||| |||| 00| 0 spa d | ||
| 040 |
_aMUNICIPALIDAD PROVINCIAL DEL CUSCO _cBIBLIOTECA MUNICIPAL DEL CUSCO |
||
| 082 |
_a581 / _bM96 |
||
| 110 |
_aInstituto de Investigación _919312 |
||
| 245 |
_aMuña : _bAvances de investigación / |
||
| 260 |
_aCusco : _bUniversidad Nacional de San Antonio Abad del Cusco, _c1983. |
||
| 300 |
_a90 paginas ; _bGraficos, ilustraciones, dibujos, cuadros, tablas, _c20cm. |
||
| 505 | _aContenido: Descripcion -- estudio taxonomico -- aceite esencial | ||
| 650 |
_amuña _919313 |
||
| 650 |
_aMedicinal _919314 |
||
| 650 |
_aAceite esencial _919315 |
||
| 650 |
_aHerbologia _919316 |
||
| 700 |
_aCaballero, Abel _919317 |
||
| 700 |
_aChavez, Fortunato _919318 |
||
| 700 |
_aMolleda, Gerardo _919319 |
||
| 700 |
_aOviedo, Felix _919320 |
||
| 942 |
_2ddc _cLIBROS |
||
| 945 | _apjha | ||